|
|
|
|
| LEADER |
00000nab a2200000 a 4500 |
| 001 |
vtls000432899 |
| 003 |
SK-MaSNL |
| 005 |
20260303231852.0 |
| 008 |
150501c1989 xo 0 eng |
| 015 |
|
|
|a SNBRA19rr/mm-uuuuu
|
| 035 |
|
|
|a CL0433027
|
| 040 |
|
|
|a SNKBUCL
|b slo
|c SNKBUCL
|e AACR2
|
| 041 |
0 |
|
|a slo
|
| 044 |
|
|
|a xo
|c SK
|
| 080 |
|
|
|a 628.19
|2 1981
|
| 100 |
1 |
|
|a Osmulska-Mróz, B.
|4 aut
|9 1267354
|
| 245 |
1 |
0 |
|a Effect of urban runoff pollution on receiving water quality
|c B. Osmulska-Mróz
|
| 650 |
0 |
7 |
|a voda
|2 snkbucl
|9 854
|
| 650 |
0 |
7 |
|a vodné zdroje
|2 snkbucl
|9 69165
|
| 650 |
0 |
7 |
|a odtok vodný
|2 snkbucl
|9 901516
|
| 655 |
|
7 |
|a články zo zborníkov
|2 snkbucl
|9 166140
|
| 773 |
0 |
|
|t Aktuálne problémy v odkanalizovaní miest a priemyselných závodov
|d Bratislava : Dom techniky ČSVTS, 1989
|
| 850 |
|
|
|a Slovenská národná knižnica v Martine
|a MTA001
|
| 852 |
|
|
|a SNK
|b KIS3GCP
|
| 958 |
|
|
|a RK
|
| 958 |
|
|
|a PL
|
| 992 |
|
|
|a RZB
|
| 999 |
|
|
|c 2269021
|d 2270951
|